| 000 -LEADER |
| fixed length control field |
01699cam a2200397Mi 4500 |
| 001 - CONTROL NUMBER |
| control field |
.b1716008x |
| 003 - CONTROL NUMBER IDENTIFIER |
| control field |
OCoLC |
| 005 - DATE AND TIME OF LATEST TRANSACTION |
| control field |
20190806144525.0 |
| 008 - FIXED-LENGTH DATA ELEMENTS--GENERAL INFORMATION |
| fixed length control field |
161213s2017 enka 001 0 eng d |
| 020 ## - INTERNATIONAL STANDARD BOOK NUMBER |
| International Standard Book Number |
9780198733805 |
| Qualifying information |
(pbk.) : |
| 020 ## - INTERNATIONAL STANDARD BOOK NUMBER |
| International Standard Book Number |
0198733801 |
| 035 ## - SYSTEM CONTROL NUMBER |
| System control number |
(OCoLC)978484078 |
| 040 ## - CATALOGING SOURCE |
| Original cataloging agency |
EQO |
| Language of cataloging |
eng |
| Description conventions |
rda |
| Transcribing agency |
EQO |
| Modifying agency |
OCLCO |
| -- |
LND |
| -- |
OCLCF |
| -- |
SHS |
| -- |
NTOU |
| 042 ## - AUTHENTICATION CODE |
| Authentication code |
nbic |
| 082 0# - DEWEY DECIMAL CLASSIFICATION NUMBER |
| Classification number |
540 BUR |
| 100 1# - MAIN ENTRY--PERSONAL NAME |
| Personal name |
Burrows, Andrew. |
| Relator term |
author |
| 245 10 - TITLE STATEMENT |
| Title |
Chemistry³ : |
| Remainder of title |
introducing inorganic, organic, and physical chemistry / |
| Statement of responsibility, etc. |
Andrew Burrows, John Holman, Andrew Parsons, Gwen Pilling, Gareth Price. |
| 246 33 - VARYING FORM OF TITLE |
| Title proper/short title |
Chemistry 3. |
| 246 33 - VARYING FORM OF TITLE |
| Title proper/short title |
Chemistry cubed. |
| 250 ## - EDITION STATEMENT |
| Edition statement |
Third edition. |
| 264 #1 - PRODUCTION, PUBLICATION, DISTRIBUTION, MANUFACTURE, AND COPYRIGHT NOTICE |
| Place of production, publication, distribution, manufacture |
Oxford : |
| Name of producer, publisher, distributor, manufacturer |
Oxford University Press, |
| Date of production, publication, distribution, manufacture, or copyright notice |
[2017] |
| 264 #4 - PRODUCTION, PUBLICATION, DISTRIBUTION, MANUFACTURE, AND COPYRIGHT NOTICE |
| Date of production, publication, distribution, manufacture, or copyright notice |
©2017. |
| 300 ## - PHYSICAL DESCRIPTION |
| Extent |
xxii, 1409 pages : |
| Other physical details |
illustrations ; |
| Dimensions |
28 cm. |
| 336 ## - CONTENT TYPE |
| Content type term |
text |
| Source |
rdacontent. |
| 337 ## - MEDIA TYPE |
| Media type term |
unmediated |
| Source |
rdamedia. |
| 338 ## - CARRIER TYPE |
| Carrier type term |
volume |
| Source |
rdacarrier. |
| 500 ## - GENERAL NOTE |
| General note |
Previous edition: 2013. |
| 500 ## - GENERAL NOTE |
| General note |
Includes index. |
| 520 ## - SUMMARY, ETC. |
| Summary, etc. |
"Chemistry is widely considered to be the central science: it encompasses concepts from which other branches of science are developed. Yet, for many students entering university, gaining a firm grounding in chemistry is a real challenge. Chemistry³ responds to this challenge, providing students with a full understanding of the fundamental principles of chemistry on which to build later studies." -- Provided by publisher. |
| 650 #0 - SUBJECT ADDED ENTRY--TOPICAL TERM |
| Topical term or geographic name entry element |
Chemistry |
| Form subdivision |
Textbooks. |
| 700 1# - ADDED ENTRY--PERSONAL NAME |
| Personal name |
Holman, John S. |
| Fuller form of name |
(John Stranger), |
| Dates associated with a name |
1946- |
| Relator term |
author. |
| 700 1# - ADDED ENTRY--PERSONAL NAME |
| Personal name |
Parsons, A. F., |
| Relator term |
author. |
| 700 1# - ADDED ENTRY--PERSONAL NAME |
| Personal name |
Pilling, Gwen, |
| Relator term |
author. |
| 700 1# - ADDED ENTRY--PERSONAL NAME |
| Personal name |
Price, Gareth J., |
| Relator term |
author. |
| 942 ## - ADDED ENTRY ELEMENTS (KOHA) |
| Source of classification or shelving scheme |
|
| Koha item type |
Books - Non Ficton |